[Event "CZE-ch U14 Girls"]
[Site "Kouty nad Desnou"]
[Date "2024.03.12"]
[Round "5"]
[White "Archlebova, Eva"]
[Black "Strazhnyk, Viktoriia"]
[Result "0-1"]
[WhiteElo "1438"]
[BlackElo "1570"]
[PlyCount "146"]
[EventDate "2024.03.09"]
[EventType "swiss"]
[EventRounds "9"]
[EventCountry "CZE"]
[SourceTitle "CB12_2024"]
[SourceDate "2023.10.01"]
[SourceVersion "1"]
[SourceVersionDate "2023.10.01"]
[SourceQuality "1"]

1. e4 c5 2. Nc3 e6 3. d3 Nc6 4. Nge2 d6 5. g3 Nf6 6. Bg2 Be7 7. 0-0 0-0 8. Bd2 Nd7 9. Nf4 Bg5 10. Nh3 Bxd2 11. Qxd2 Nb6 12. Ng5 h6 13. Nf3 e5 14. a3 f5 15. Rae1 f4 16. b3 Bg4 17. h3 Bxf3 18. Bxf3 fxg3 19. fxg3 Nd4 20. Qd1 Nxf3+ 21. Rxf3 Rxf3 22. Qxf3 Qg5 23. Nd5 Nxd5 24. exd5 Rf8 25. Qe3 Qf5 26. g4 Qf4 27. Qxf4 Rxf4 28. Re4 Kf7 29. Kg2 Kf6 30. c3 Kg5 31. Kg3 Rf1 32. b4 b6 33. bxc5 bxc5 34. d4 cxd4 35. cxd4 Ra1 36. dxe5 Rxa3+ 37. Kf2 dxe5 38. Rxe5+ Kf6 39. Rf5+ Ke7 40. g5 hxg5 41. Rxg5 Kf6 42. h4 Rh3 43. d6 Rxh4 44. Rd5 Rh8 45. Ra5 Rd8 46. Ra6 Rd7 47. Ke3 Ke5 48. Ra5+ Kxd6 49. Ra6+ Kc5 50. Ra5+ Kb4 51. Rg5 a5 52. Rg4+ Kb3 53. Rg5 Ra7 54. Kd2 a4 55. Kc1 Kc3 56. Rg3+ Kd4 57. Kb2 a3+ 58. Ka2 Ke4 59. Rg6 Kf5 60. Rb6 g5 61. Rb5+ Kg4 62. Rb4+ Kh3 63. Rb3+ Kh4 64. Rb4+ g4 65. Rc4 Kh3 66. Rc3+ g3 67. Rd3 Kh2 68. Rd2+ g2 69. Rc2 Kh1 70. Rc1+ g1Q 71. Rxg1+ Kxg1 72. Kb1 a2+ 73. Ka1 Kh2 0-1

[Event "CZE-ch U14 Girls"]
[Site "Kouty nad Desnou"]
[Date "2024.03.11"]
[Round "3"]
[White "Nova, Doubravka Anezka"]
[Black "Strazhnyk, Viktoriia"]
[Result "1-0"]
[WhiteElo "1718"]
[BlackElo "1570"]
[PlyCount "113"]
[EventDate "2024.03.09"]
[EventType "swiss"]
[EventRounds "9"]
[EventCountry "CZE"]
[SourceTitle "CB12_2024"]
[SourceDate "2023.10.01"]
[SourceVersion "1"]
[SourceVersionDate "2023.10.01"]
[SourceQuality "1"]

1. e4 c5 2. Nf3 d6 3. d4 cxd4 4. Qxd4 Nc6 5. Bb5 Bd7 6. Bxc6 Bxc6 7. Nc3 Nf6 8. Bg5 e6 9. 0-0-0 Be7 10. Kb1 Qc7 11. Rhe1 0-0 12. Nd2 b5 13. f4 Rfd8 14. Qe3 h6 15. Bxf6 Bxf6 16. g4 g5 17. Qh3 Kh7 18. Nf3 Rg8 19. fxg5 Bxg5 20. Qg3 e5 21. Nxg5+ Rxg5 22. h4 Rg7 23. Nd5 Bxd5 24. Rxd5 Rag8 25. Qf3 Rxg4 26. Qf5+ Kh8 27. Red1 Qe7 28. a3 Rf4 29. Qh3 Rxh4 30. Qd3 Qb7 31. Rxd6 Qxe4 32. Rxh6+ Kg7 33. Rxh4 Qxh4 34. Qxb5 Qe7 35. Qd5 Re8 36. Rg1+ Kf8 37. c4 e4 38. Qd4 f6 39. Qd5 Qe6 40. Qxe6 Rxe6 41. Rf1 Ke7 42. Kc2 Kd6 43. Rf5 Ke7 44. Kd2 Rb6 45. b4 Rd6+ 46. Ke3 Rd3+ 47. Kxe4 Rxa3 48. Kd5 a5 49. b5 a4 50. Kc5 Rb3 51. Rf2 a3 52. Ra2 Kd7 53. b6 f5 54. Rd2+ Kc8 55. Kc6 Rb2 56. Rd3 Rb4 57. c5 1-0